<?xml version="1.0" encoding="UTF-8"?>
<marc:record xmlns:marc="http://www.loc.gov/MARC21/slim">
   <marc:leader>00000nam a2200000 a 4500</marc:leader>
   <marc:datafield ind1="0" ind2="0" tag="245">
      <marc:subfield code="a">Spinae, Tribulique Deserti Vitiorum</marc:subfield>
   </marc:datafield>
   <marc:datafield ind1=" " ind2="1" tag="264">
      <marc:subfield code="c">1679</marc:subfield>
   </marc:datafield>
   <marc:datafield ind1=" " ind2=" " tag="250">
      <marc:subfield code="a">[Bindeeinheit]</marc:subfield>
   </marc:datafield>
   <marc:datafield ind1="1" ind2=" " tag="520">
      <marc:subfield code="a">Stempel am vorderem Spiegel: Kapuziner Bibliothek Bezau, Frontispiz (Kupferstich) http://zentralbibliothek.kapuziner.at/kupferstiche/provinzbibliothek/provinzbibliothek_3490.jpg, Zierinitialen und Verzierungen im Text, Pergamenteinband auf Buchdeckeln aus Holz, Buchrücken mit Titelschild "P. Franc. Josephi || Capuc: || Conciones De || Virtutibus, et || Vitijs" und Signaturschilder "D" "Prediger || 36 || g", zwei geschwungene Knopfschließen aus Messing mit Scharnieren aus Pergament, türkise Schnittkante.</marc:subfield>
   </marc:datafield>
   <marc:datafield ind1=" " ind2=" " tag="041">
      <marc:subfield code="a">ger</marc:subfield>
   </marc:datafield>
   <marc:datafield ind1="0" ind2=" " tag="490">
      <marc:subfield code="v">[2].</marc:subfield>
   </marc:datafield>
   <marc:datafield ind1=" " ind2=" " tag="300">
      <marc:subfield code="a">[6] Bl., 460 S., [37] Bl. : Ill.</marc:subfield>
   </marc:datafield>
</marc:record>
